[Event "Elit(LASK-Limhamn)"]
[Site "?"]
[Date "2004.??.??"]
[Round "8"]
[White "Niklasson, Christer"]
[Black "Jepson, Christian"]
[Result "0-1"]
[WhiteElo "2418"]
[BlackElo "2487"]
[PlyCount "90"]

1. d4 Nf6 2. c4 e6 3. Nf3 d5 4. Nc3 Be7 5. Bg5 h6 6. Bh4 O-O 7. e3 b6 8. Qb3
Bb7 9. Bxf6 Bxf6 10. cxd5 exd5 11. Rd1 Re8 12. Be2 c6 13. O-O Nd7 14. Bd3 Nf8
15. e4 g6 16. Rfe1 Ne6 17. e5 Bg7 18. Bf1 Qe7 19. g3 Rad8 20. Bg2 g5 21. Qc2
Bc8 22. a3 a5 23. Qb3 b5 24. Qc2 Bd7 25. a4 bxa4 26. Qxa4 Rb8 27. Qa2 Rb4 28.
Ne2 Reb8 29. Rd2 Qd8 30. h3 Qb6 31. Bf1 Bf8 32. Ra1 a4 33. Kg2 Qa7 34. Rad1 Rb3
35. Nc3 a3 36. Ra1 Qb7 37. Nd1 axb2 38. Rb1 Ba3 39. Rd3 Rxd3 40. Bxd3 Qb3 41.
Qxb3 Rxb3 42. Be2 Rb4 43. Nc3 Nxd4 44. Na2 Nxe2 45. Nxb4 Nc3 0-1

[Event "Elit(LASK-Limhamn)"]
[Site "?"]
[Date "2004.??.??"]
[Round "8"]
[White "Ahlander, Bjorn"]
[Black "Olsson, Linus"]
[Result "0-1"]
[WhiteElo "2489"]
[BlackElo "2360"]
[PlyCount "90"]

1. d4 Nf6 2. c4 e6 3. Nc3 c5 4. d5 exd5 5. cxd5 d6 6. e4 g6 7. f4 Bg7 8. Bb5+
Nfd7 9. a4 O-O 10. Nf3 Na6 11. O-O Nc7 12. Bc4 a6 13. Kh1 Rb8 14. a5 b5 15.
axb6 Rxb6 16. Qd3 Rb4 17. b3 Nb5 18. Bd2 Nd4 19. Nxd4 cxd4 20. Na4 Rb8 21. Bxa6
Bxa6 22. Qxa6 Nf6 23. Qd3 Re8 24. Rae1 Rb7 25. f5 Qb8 26. Rf3 Rbe7 27. Ref1
Nxe4 28. Bf4 gxf5 29. Rh3 Qb4 30. Qf3 d3 31. Bh6 Bxh6 32. Rxh6 Qd2 33. Rh4 Qg5
34. Rh3 Nd2 35. Qg3 Qxg3 36. Rxg3+ Kf8 37. Rg1 Re3 38. Nb2 Rxg3 39. hxg3 Re3
40. Rd1 Ne4 41. Kg1 d2 42. Kf1 Rxb3 43. Nc4 Nxg3+ 44. Kg1 Ne4 45. Kh2 Rd3 0-1

[Event "Elit(LASK-Limhamn)"]
[Site "?"]
[Date "2004.??.??"]
[Round "8"]
[White "Semcesen, Daniel"]
[Black "Helgason, Reynir"]
[Result "0-1"]
[WhiteElo "2323"]
[BlackElo "2390"]
[PlyCount "114"]

1. e4 c6 2. Nc3 d5 3. Qf3 dxe4 4. Nxe4 Nd7 5. b3 Ndf6 6. Bb2 Bg4 7. Nxf6+ Nxf6
8. Qf4 e6 9. Bxf6 Qxf6 10. Qxf6 gxf6 11. Be2 Bf5 12. O-O-O h5 13. Bf3 Rd8 14.
Ne2 Bg4 15. Bxg4 hxg4 16. h3 gxh3 17. Ng1 h2 18. Nf3 Ba3+ 19. Kb1 Bc5 20. Rdf1
Rd5 21. Kc1 Rdh5 22. Kd1 f5 23. Ke2 Be7 24. Re1 Bd6 25. Kf1 f4 26. Re2 b5 27.
d3 Kd7 28. Re1 f6 29. Re2 b4 30. Re1 Ra5 31. Rxh2 Rxh2 32. Nxh2 Rxa2 33. Re2
Be5 34. Nf3 Bc3 35. g3 fxg3 36. fxg3 f5 37. Kf2 Kd6 38. Ke3 a5 39. Rh2 Kd5 40.
Re2 c5 41. Rh2 a4 42. bxa4 Rxa4 43. Re2 Ra1 44. Nh4 Re1 45. Nf3 Rxe2+ 46. Kxe2
Be5 47. Kf2 Bd6 48. Ng1 e5 49. Ne2 Be7 50. Kf3 Bg5 51. Ng1 e4+ 52. dxe4+ fxe4+
53. Ke2 c4 54. Kd1 b3 55. Ne2 b2 56. Nc3+ Kd4 57. Nb1 Ke3 0-1

[Event "Elit(LASK-Limhamn)"]
[Site "?"]
[Date "2004.??.??"]
[Round "8"]
[White "Eriksson, Magnus"]
[Black "Ikonic, Borislav"]
[Result "1-0"]
[WhiteElo "2423"]
[BlackElo "2321"]
[PlyCount "57"]

1. d4 Nf6 2. c4 e6 3. Nc3 d5 4. cxd5 Nxd5 5. e4 Nxc3 6. bxc3 c5 7. Nf3 cxd4 8.
cxd4 Nc6 9. Bc4 Bb4+ 10. Bd2 Bxd2+ 11. Qxd2 O-O 12. O-O b6 13. Rad1 Na5 14. Bb5
Bb7 15. Rfe1 Qe7 16. Qe2 Rfd8 17. Ba6 f6 18. Bxb7 Qxb7 19. h4 Rac8 20. e5 f5
21. Ng5 Qe7 22. d5 Rxd5 23. Rxd5 exd5 24. Qf3 Rd8 25. e6 g6 26. Nf7 Qb4 27. Qe2
Re8 28. Qe5 Kf8 29. Nd6 1-0

[Event "Elit(LASK-Limhamn)"]
[Site "?"]
[Date "2004.??.??"]
[Round "8"]
[White "Johnson, Bjorn"]
[Black "Holst, Conny"]
[Result "1/2-1/2"]
[WhiteElo "2310"]
[BlackElo "2237"]
[PlyCount "60"]

1. b3 Nf6 2. Bb2 g6 3. e4 d6 4. g3 Bg7 5. Bg2 c5 6. Ne2 O-O 7. O-O Nc6 8. d4
cxd4 9. Nxd4 Nxd4 10. Bxd4 Qa5 11. c4 Bg4 12. Qd3 Qh5 13. f3 Bd7 14. Nc3 Qa5
15. Rad1 Bc6 16. Rfe1 Rfc8 17. Qd2 a6 18. Bxf6 Bxf6 19. Nd5 Qc5+ 20. Qe3 Bxd5
21. Rxd5 Qxe3+ 22. Rxe3 b5 23. Bf1 b4 24. Be2 a5 25. Bd1 e6 26. Rdd3 Bd8 27.
Kg2 Rc6 28. Re2 Bb6 29. Red2 Bc5 30. f4 e5 1/2-1/2

[Event "Elit(LASK-Limhamn)"]
[Site "?"]
[Date "2004.??.??"]
[Round "8"]
[White "Penalver, Osmani"]
[Black "Olsson, Tomas"]
[Result "1-0"]
[WhiteElo "2219"]
[BlackElo "2238"]
[PlyCount "69"]

1. d4 Nf6 2. c4 g6 3. Nc3 Bg7 4. e4 d6 5. f3 O-O 6. Be3 e5 7. d5 c6 8. Qd2 cxd5
9. cxd5 Ne8 10. O-O-O f5 11. Kb1 Nf6 12. Bd3 Na6 13. Bg5 Nc5 14. Bc2 b5 15.
exf5 gxf5 16. Bh6 a6 17. Nh3 Ra7 18. b4 Na4 19. Nxa4 bxa4 20. Bxg7 Rxg7 21. Ng5
Ne4 22. Nxe4 fxe4 23. Bxe4 Qb6 24. Ka1 Rb7 25. a3 Kh8 26. Bc2 Bd7 27. Qh6 Rf7
28. Bxh7 Rg7 29. Rd2 a5 30. Rb1 axb4 31. Rxb4 Qc7 32. Rc2 Qb8 33. Bf5+ Kg8 34.
Be6+ Bxe6 35. Qxe6+ 1-0

[Event "Elit(LASK-Limhamn)"]
[Site "?"]
[Date "2004.??.??"]
[Round "8"]
[White "Riis, Jens"]
[Black "Mansson, Lars"]
[Result "1/2-1/2"]
[WhiteElo "2222"]
[BlackElo "2224"]
[PlyCount "27"]

1. d4 d5 2. Nf3 Nf6 3. Bf4 e6 4. e3 Bd6 5. Ne5 Nfd7 6. Nd2 Nxe5 7. dxe5 Be7 8.
Bd3 b6 9. Qe2 Bb7 10. O-O Nd7 11. Ba6 Qc8 12. Bxb7 Qxb7 13. c3 O-O 14. Nf3
1/2-1/2

[Event "Elit(Skara-Schack08)"]
[Site "?"]
[Date "2004.??.??"]
[Round "8"]
[White "Djurhuus, Rune"]
[Black "Renman, Nils-Gustaf"]
[Result "1-0"]
[WhiteElo "2555"]
[BlackElo "2409"]
[PlyCount "191"]

1. d4 e6 2. e4 d5 3. Nc3 Nf6 4. e5 Nfd7 5. f4 c5 6. Nce2 cxd4 7. Nxd4 Nc6 8. c3
Nxd4 9. cxd4 Nb8 10. Nf3 Nc6 11. Be3 Bd7 12. Bd3 Qb6 13. O-O Be7 14. Rf2 a5 15.
g4 h5 16. h3 hxg4 17. hxg4 g6 18. a3 a4 19. Bc2 Na5 20. Bxa4 Nc4 21. Bxd7+ Kxd7
22. Qe2 Rh3 23. Rd1 Rg3+ 24. Kh2 Bh4 25. Rg2 Rxg2+ 26. Kxg2 Qxb2 27. Qxb2 Nxb2
28. Rb1 Nc4 29. Bc1 Be7 30. Rxb7+ Ke8 31. f5 gxf5 32. gxf5 exf5 33. Kg3 Bxa3
34. Bg5 f4+ 35. Kxf4 Bc1+ 36. Kf5 Ra3 37. Nh4 Ne3+ 38. Bxe3 Bxe3 39. Rb8+ Ke7
40. Rb7+ Ke8 41. Nf3 Ra4 42. Kf6 Ra6+ 43. Kf5 Ra4 44. Rb8+ Ke7 45. Rh8 Rb4 46.
Rh7 Kf8 47. e6 fxe6+ 48. Kf6 Kg8 49. Rg7+ Kh8 50. Rg4 e5 51. Kxe5 Rb7 52. Ng5
Bxd4+ 53. Rxd4 Kg7 54. Ne6+ Kg6 55. Rf4 Rf7 56. Rg4+ Kh5 57. Rg1 d4 58. Ng7+
Kh6 59. Ne8 Ra7 60. Nd6 d3 61. Nf5+ Kh5 62. Ng3+ Kg6 63. Ne4+ Kh5 64. Kf5 Ra5+
65. Kf4 d2 66. Nxd2 Kh6 67. Nf3 Ra8 68. Nd4 Ra4 69. Ke5 Kh5 70. Ne6 Ra5+ 71.
Kf6 Ra6 72. Rg3 Kh4 73. Rg2 Rb6 74. Ra2 Kg4 75. Ra3 Rb5 76. Ra4+ Kg3 77. Nd4
Rb8 78. Ra3+ Kf4 79. Ne6+ Ke4 80. Ra4+ Kd3 81. Ke5 Rb5+ 82. Kd6 Rf5 83. Ra3+
Kc4 84. Rh3 Rd5+ 85. Kc6 Rf5 86. Rh4+ Kd3 87. Nf4+ Ke4 88. Nd5+ Ke5 89. Nc3 Rf3
90. Nb5 Rf1 91. Nd6 Rc1+ 92. Nc4+ Ke6 93. Rf4 Rc2 94. Kc5 Rc1 95. Rf2 Rc2 96.
Rxc2 1-0

[Event "Elit(Skara-Schack08)"]
[Site "?"]
[Date "2004.??.??"]
[Round "8"]
[White "Eklund, Lars-Goran"]
[Black "Karlsson, Tomas"]
[Result "0-1"]
[WhiteElo "2310"]
[BlackElo "2296"]
[PlyCount "139"]
[EventDate "2004.??.??"]

1. Nf3 Nf6 2. c4 g6 3. Nc3 d5 4. cxd5 Nxd5 5. Qa4+ Bd7 6. Qb3 Nb6 7. d4 Bg7 8.
e4 O-O 9. Be3 Bg4 10. Rd1 Nc6 11. d5 Ne5 12. Be2 Nxf3+ 13. Bxf3 Bxf3 14. gxf3
Qc8 15. h4 c6 16. h5 cxd5 17. hxg6 hxg6 18. Nxd5 Nxd5 19. Rxd5 e6 20. Rc5 Qd7
21. Ke2 Rfd8 22. Rhc1 b6 23. Rc7 Qe8 24. a4 Rdc8 25. Qb5 Qxb5+ 26. axb5 Rxc7
27. Rxc7 Bxb2 28. Rc2 Bf6 29. Ra2 Bd8 30. Bd4 Kf8 31. f4 Ke8 32. Ra1 Kd7 33.
Rd1 Kc8 34. Rh1 Rb8 35. Rh7 Rb7 36. Rh8 Rd7 37. Be3 Kb7 38. Rh1 a6 39. bxa6+
Kxa6 40. Ra1+ Kb7 41. Rb1 Rd6 42. Rh1 Bc7 43. Rc1 Rc6 44. Rh1 Bd6 45. Rh7 Rc7
46. Kd3 Kc6 47. Kc4 Rb7 48. Rh6 b5+ 49. Kb3 Bc5 50. Rh8 Bd6 51. Rh6 Rd7 52. Rh1
Be7 53. Ra1 Rb7 54. Rd1 Rb8 55. Ra1 Rb7 56. Rd1 b4 57. Rc1+ Kb5 58. Rc8 Bd6 59.
Rd8 Bc5 60. f5 Bxe3 61. fxe3 exf5 62. exf5 gxf5 63. Rd5+ Kc6 64. Rxf5 Kd6 65.
e4 Ke6 66. Rd5 Kf6 67. Rf5+ Kg6 68. Re5 f6 69. Re6 Kg5 70. Re8 0-1

[Event "Elit(Skara-Schack08)"]
[Site "?"]
[Date "2004.??.??"]
[Round "8"]
[White "Thoren, Per"]
[Black "Friberg, Hans"]
[Result "1-0"]
[WhiteElo "2268"]
[BlackElo "2211"]
[PlyCount "79"]

1. e4 e6 2. d4 d5 3. e5 c5 4. c3 Nc6 5. Nf3 Qb6 6. a3 Bd7 7. b4 cxd4 8. cxd4
Rc8 9. Bb2 Na5 10. Nbd2 Nc4 11. Nxc4 dxc4 12. Rc1 a5 13. Nd2 axb4 14. Nxc4 Qd8
15. axb4 Bxb4+ 16. Bc3 Bxc3+ 17. Rxc3 Kf8 18. Qb3 Bc6 19. Nd6 Ra8 20. Bd3 Bxg2
21. Rg1 Ra1+ 22. Ke2 Rxg1 23. Rc8 Qxc8 24. Nxc8 g6 25. f3 Bh3 26. Qxb7 Rg2+ 27.
Ke3 h5 28. Qd7 Kg7 29. Bf1 Nh6 30. Bxg2 Bxg2 31. Kf2 Bh3 32. d5 g5 33. d6 g4
34. Qc7 h4 35. d7 g3+ 36. hxg3 hxg3+ 37. Kxg3 Nf5+ 38. Kf2 Rh6 39. d8=Q Rg6 40.
Qf6+ 1-0

[Event "Elit(Skara-Schack08)"]
[Site "?"]
[Date "2004.??.??"]
[Round "8"]
[White "Mohammadi, Amir"]
[Black "Schutz, Ingemar"]
[Result "1/2-1/2"]
[WhiteElo "2258"]
[BlackElo "2273"]
[PlyCount "88"]

1. e4 c5 2. Nc3 Nc6 3. g3 g6 4. Bg2 Bg7 5. d3 d6 6. f4 e6 7. Nf3 Nge7 8. O-O
O-O 9. h3 Bd7 10. Kh2 Nd4 11. Ne2 Ba4 12. Nfxd4 cxd4 13. b3 Bd7 14. Bb2 Nc6 15.
c4 dxc3 16. Bxc3 Bxc3 17. Nxc3 Nd4 18. f5 gxf5 19. Qh5 Rc8 20. exf5 Nxf5 21.
Ne4 f6 22. g4 d5 23. gxf5 dxe4 24. fxe6 Bxe6 25. Bxe4 Rc2+ 26. Kh1 Qc7 27. Rg1+
Kh8 28. Rg2 Rxg2 29. Bxg2 Qg7 30. Qf3 b6 31. Re1 Bd7 32. d4 f5 33. d5 f4 34. d6
Qd4 35. Re7 Bf5 36. Qc6 f3 37. Qxf3 Qxd6 38. Rxa7 Qe5 39. Qd5 Qa1+ 40. Kh2 Qb2
41. Qd6 Rg8 42. Qd5 Be6 43. Qe4 Bf5 44. Qd5 Be6 1/2-1/2

[Event "Elit(Skara-Schack08)"]
[Site "?"]
[Date "2004.??.??"]
[Round "8"]
[White "Ottenklev, Niclas"]
[Black "Andersson, Goran"]
[Result "0-1"]
[WhiteElo "2221"]
[BlackElo "2238"]
[PlyCount "88"]

1. e4 e6 2. Qe2 c5 3. Nf3 Nc6 4. g3 g6 5. Bg2 Bg7 6. c3 Nge7 7. O-O O-O 8. Na3
d6 9. Nc2 e5 10. d3 f5 11. h3 Kh8 12. b4 cxb4 13. cxb4 a6 14. Bb2 Qb6 15. Qd2
Be6 16. a3 Bb3 17. Ne3 f4 18. gxf4 Rxf4 19. Nc4 Bxc4 20. dxc4 Raf8 21. Qe2 h6
22. Rad1 Qc7 23. Ne1 g5 24. Nd3 Rh4 25. c5 Nd4 26. Bxd4 exd4 27. cxd6 Qxd6 28.
e5 Qb8 29. Nc5 Qc8 30. e6 b6 31. Nd7 Rg8 32. Nxb6 Qc7 33. Nd7 g4 34. Kh1 Ng6
35. Qe4 Nf4 36. Rxd4 gxh3 37. Bf3 Ng2 38. Rd5 Rxe4 39. Bxe4 Re8 40. Rh5 Rxe6
41. Nc5 Rxe4 42. Nxe4 Qf4 43. Ng5 Qg4 44. Nf7+ Kh7 0-1

[Event "Elit(Skara-Schack08)"]
[Site "?"]
[Date "2004.??.??"]
[Round "8"]
[White "Cederqvist, Niclas"]
[Black "Faldt, Magnus"]
[Result "0-1"]
[WhiteElo "2096"]
[BlackElo "2217"]
[PlyCount "96"]

1. d4 d5 2. c4 e6 3. Nc3 Nf6 4. Bg5 Nbd7 5. e3 c6 6. Nf3 Qa5 7. Nd2 dxc4 8.
Bxf6 Nxf6 9. Nxc4 Qc7 10. Be2 Be7 11. Rc1 O-O 12. O-O Rd8 13. Qc2 Bd7 14. Ne5
Be8 15. Nd3 Rac8 16. Bf3 Qb8 17. b4 Nd7 18. Qb3 e5 19. Nc5 exd4 20. exd4 Nxc5
21. dxc5 Bd7 22. Be2 Bg5 23. Rcd1 Bf5 24. Bc4 Qc7 25. Rxd8+ Rxd8 26. Rd1 Re8
27. Ne2 Bg4 28. f3 Bf5 29. Ng3 Bg6 30. Nf1 b6 31. Bd3 Bxd3 32. Qxd3 bxc5 33.
bxc5 Rd8 34. Qe4 g6 35. Rxd8+ Bxd8 36. Nd2 Qd7 37. Nb3 Bf6 38. Kf2 Kg7 39. Ke2
h5 40. f4 Bc3 41. Qd3 Qe6+ 42. Qe3 Qc4+ 43. Qd3 Qb4 44. Qf3 a5 45. Qe3 a4 46.
Nc1 Bd4 47. Nd3 Qc4 48. Qe4 Qxa2+ 0-1

[Event "Elit(Manhem-Kamraterna)"]
[Site "?"]
[Date "2004.??.??"]
[Round "8"]
[White "Svenn, Gosta"]
[Black "Moberg, Karl-Johan"]
[Result "1-0"]
[WhiteElo "2417"]
[BlackElo "2338"]
[PlyCount "117"]

1. Nf3 Nf6 2. c4 g6 3. b3 Bg7 4. Bb2 O-O 5. g3 d6 6. Bg2 e5 7. d3 Nc6 8. O-O
Be6 9. Nc3 h6 10. Qc2 Qd7 11. Rfd1 Nd4 12. Nxd4 exd4 13. Nd5 Nh7 14. e4 g5 15.
Qd2 c6 16. Nb4 f5 17. exf5 Bxf5 18. Re1 g4 19. Nc2 c5 20. Bd5+ Kh8 21. Re2 Ng5
22. Rae1 Be5 23. h4 Nh3+ 24. Kg2 Qg7 25. b4 b6 26. a4 Rae8 27. a5 Qg6 28. Rd1
Re7 29. Ne1 Rfe8 30. axb6 axb6 31. Ra1 Kg7 32. Ra6 Qf6 33. Bc1 Bf4 34. Rxe7+
Qxe7 35. gxf4 Qxe1 36. Qxe1 Rxe1 37. Ba3 Re2 38. Rxb6 Rxf2+ 39. Kg3 Rd2 40.
Rb7+ Kf6 41. Rf7+ Kg6 42. h5+ Kxh5 43. Rxf5+ Kg6 44. Be4 Nf2 45. bxc5 Nxe4+ 46.
dxe4 h5 47. cxd6 Rd3+ 48. Kg2 Rxa3 49. d7 Ra2+ 50. Kf1 Ra1+ 51. Kf2 Ra2+ 52.
Ke1 Ra1+ 53. Kd2 Ra2+ 54. Kd3 Ra3+ 55. Kxd4 Ra8 56. Rd5 Rd8 57. c5 g3 58. Ke3
h4 59. Kf3 1-0

[Event "Elit(Manhem-Kamraterna)"]
[Site "?"]
[Date "2004.??.??"]
[Round "8"]
[White "Svensson, Bengt"]
[Black "Akesson, Joel"]
[Result "1/2-1/2"]
[WhiteElo "2424"]
[BlackElo "2334"]
[PlyCount "40"]

1. e4 e6 2. d4 d5 3. Nc3 Bb4 4. e5 Ne7 5. a3 Bxc3+ 6. bxc3 c5 7. Qg4 O-O 8. Bd3
f5 9. exf6 Rxf6 10. Bg5 Rf7 11. Qh5 g6 12. Qd1 Qa5 13. Bd2 Nbc6 14. Nf3 c4 15.
Be2 Bd7 16. O-O Kg7 17. Qc1 Ng8 18. Bf4 Raf8 19. Bd6 Qxc3 20. Qe3 Qxc2 1/2-1/2

[Event "Elit(Manhem-Kamraterna)"]
[Site "?"]
[Date "2004.??.??"]
[Round "8"]
[White "Hultin, Johan"]
[Black "Svenn, Matti"]
[Result "0-1"]
[WhiteElo "2342"]
[BlackElo "2251"]
[PlyCount "58"]

1. d4 Nf6 2. Nf3 g6 3. Bg5 Bg7 4. Nbd2 h6 5. Bh4 c5 6. c3 cxd4 7. cxd4 O-O 8.
e3 b6 9. Qa4 Bb7 10. Be2 a6 11. O-O d6 12. Bxf6 Bxf6 13. Rfc1 Nd7 14. Qb3 e5
15. Bc4 b5 16. Bd5 Bxd5 17. Qxd5 Nb6 18. Qb7 exd4 19. exd4 Qb8 20. Qxb8 Raxb8
21. Rc6 Rfd8 22. Re1 Kf8 23. Ne4 Be7 24. d5 Nxd5 25. Rxa6 Nb4 26. Ra5 d5 27.
Nc3 Nd3 28. Rd1 Nxb2 29. Rxd5 Bb4 0-1

[Event "Elit(Manhem-Kamraterna)"]
[Site "?"]
[Date "2004.??.??"]
[Round "8"]
[White "Wengholm, Anders"]
[Black "Schneider, Lars-Ake"]
[Result "1/2-1/2"]
[WhiteElo "2261"]
[BlackElo "2363"]
[PlyCount "34"]

1. Nf3 c5 2. c4 Nc6 3. d4 cxd4 4. Nxd4 e6 5. g3 Qb6 6. Nb3 Bb4+ 7. Nc3 Ne5 8.
e4 Qc6 9. Qe2 b5 10. Nd4 Qxc4 11. Ndxb5 Qc6 12. a3 Ba5 13. Bf4 Ng6 14. Bd2 a6
15. Nd4 Qb7 16. b4 Bb6 17. Nc2 N8e7 1/2-1/2

[Event "Elit(Manhem-Kamraterna)"]
[Site "?"]
[Date "2004.??.??"]
[Round "8"]
[White "Borvander, Tom"]
[Black "Nygren, Kim"]
[Result "1-0"]
[WhiteElo "2239"]
[BlackElo "2301"]
[PlyCount "87"]

1. d4 Nf6 2. c4 e6 3. Nc3 c5 4. d5 exd5 5. cxd5 d6 6. Nf3 g6 7. Nd2 Bg7 8. e4
O-O 9. Be2 Re8 10. O-O Na6 11. Re1 Nc7 12. a4 Rb8 13. f4 h5 14. h3 Ng4 15. Nf3
f5 16. hxg4 hxg4 17. e5 gxf3 18. Bxf3 Qh4 19. Be3 dxe5 20. d6 Ne6 21. Bf2 Qxf4
22. Nd5 Qg5 23. Ne7+ Rxe7 24. dxe7 Qxe7 25. Bd5 Kh7 26. Qd2 Bd7 27. Ra3 Bc6 28.
Rh3+ Kg8 29. Bxe6+ Qxe6 30. Bxc5 Bxa4 31. Rd3 Re8 32. Rd6 Qc4 33. Rc1 Qg4 34.
Qd5+ Kh7 35. Rc4 f4 36. Rxa4 Qf5 37. Qe4 Qg4 38. Rd3 Bf6 39. Rxa7 Rc8 40. Rxb7+
Kh6 41. b4 Kg5 42. Rh7 Rg8 43. Bf2 Re8 44. Bh4+ 1-0

[Event "Elit(Manhem-Kamraterna)"]
[Site "?"]
[Date "2004.??.??"]
[Round "8"]
[White "Landgren, Philip"]
[Black "Svensson, Leif"]
[Result "1/2-1/2"]
[WhiteElo "2316"]
[BlackElo "2239"]
[PlyCount "114"]

1. d4 Nf6 2. Nf3 e6 3. c4 c5 4. d5 exd5 5. cxd5 Bd6 6. Nc3 Bc7 7. e4 d6 8. h3
Ba5 9. Bd3 O-O 10. O-O Re8 11. Re1 a6 12. a4 Nbd7 13. Bf4 Nf8 14. Nd2 Ng6 15.
Bg3 Bc7 16. Rb1 Nd7 17. f4 Rb8 18. Qf3 Qf6 19. e5 dxe5 20. f5 Ngf8 21. Nde4 Qh6
22. Rbd1 Ba5 23. d6 b5 24. Bf2 c4 25. Bb1 Bb7 26. Qe2 Bc6 27. axb5 axb5 28. Rf1
Bb6 29. Nd5 Bxf2+ 30. Nxf2 Qxd6 31. Ne4 Qh6 32. f6 Bxd5 33. fxg7 Bxe4 34.
gxf8=Q+ Nxf8 35. Bxe4 Ng6 36. Rd7 Re7 37. Qg4 Rxd7 38. Qxd7 Rf8 39. Bd5 Nf4 40.
Qxb5 Nxd5 41. Qxd5 Qe3+ 42. Kh2 Qd3 43. Rd1 Qxd5 44. Rxd5 Rb8 45. Rxe5 Rxb2 46.
Rc5 Rc2 47. Kg3 Kg7 48. Rc6 f6 49. Kf4 Rxg2 50. Rxc4 Kg6 51. Kf3 Rg1 52. Rg4+
Rxg4 53. hxg4 Kg5 54. Kg3 h6 55. Kf3 Kh4 56. Kf4 Kh3 57. Kf3 Kh4 1/2-1/2

[Event "Elit(Limhamn-Passanten)"]
[Site "Gothenburg, Sweden"]
[Date "2004.??.??"]
[Round "9"]
[White "Sanden, Stefan"]
[Black "Schneider, Stefan"]
[Result "1/2-1/2"]
[WhiteElo "2321"]
[BlackElo "2425"]
[PlyCount "99"]
[EventDate "2004.??.??"]

1. e4 Nf6 2. e5 Nd5 3. d4 d6 4. Nf3 dxe5 5. Nxe5 c6 6. Bc4 Nd7 7. O-O Nxe5 8.
dxe5 Be6 9. Bb3 g6 10. Qe2 Bg7 11. Kh1 O-O 12. f4 Qc8 13. Be3 a5 14. a4 Nxe3
15. Qxe3 Bxb3 16. Qxb3 Rd8 17. Na3 Bh6 18. f5 gxf5 19. Qh3 Bg7 20. Rxf5 Qe6 21.
Qh5 Rd4 22. Raf1 Rxa4 23. Rxf7 Qxe5 24. R7f5 Qe6 25. c3 Qg6 26. Qd1 b5 27. Nxb5
Re4 28. Qf3 Qg4 29. Qxg4 Rxg4 30. Nc7 Ra7 31. Ne6 Bf6 32. Rc5 Rb7 33. h3 Re4
34. Rxc6 Rb8 35. Nd4 Rxb2 36. Ra6 Bxd4 37. cxd4 Rxd4 38. Rxa5 Rb6 39. Re5 Rd7
40. Kh2 Kg7 41. g4 Rf6 42. Rfe1 Kf7 43. R1e3 Rfd6 44. Kg3 Rd5 45. Rf3+ Kg8 46.
Kf4 Rxe5 47. Kxe5 Rd6 48. h4 Kg7 49. h5 h6 50. Rf4 1/2-1/2

[Event "Elit(Limhamn-Passanten)"]
[Site "Gothenburg, Sweden"]
[Date "2004.??.??"]
[Round "9"]
[White "Brynell, Stellan"]
[Black "Solozhenkin, Evgeniy"]
[Result "1/2-1/2"]
[WhiteElo "2575"]
[BlackElo "2518"]
[PlyCount "55"]
[EventDate "2004.??.??"]

1. d4 Nf6 2. c4 e6 3. Nf3 b6 4. g3 Ba6 5. Qb3 Nc6 6. Nbd2 d5 7. Bg2 Qd7 8. Qa4
Bb7 9. O-O Bd6 10. cxd5 exd5 11. Nb1 h6 12. Nc3 O-O 13. a3 Rfe8 14. Re1 Rad8
15. Qc2 a6 16. b4 a5 17. b5 Na7 18. a4 c6 19. bxc6 Nxc6 20. Qb3 Nb4 21. Nb5 Ba6
22. Nxd6 Qxd6 23. Ne5 Nd7 24. Nxd7 Qxd7 25. Bd2 Bxe2 26. Bxb4 Bc4 27. Qb2 axb4
28. Qxb4 1/2-1/2

[Event "Elit(Limhamn-Passanten)"]
[Site "Gothenburg, Sweden"]
[Date "2004.??.??"]
[Round "9"]
[White "Cramling, Pia"]
[Black "Sokolov, Ivan"]
[Result "1-0"]
[WhiteElo "2557"]
[BlackElo "2706"]
[PlyCount "80"]
[EventDate "2004.??.??"]

1. d4 d5 2. Nf3 Nf6 3. c4 e6 4. Nc3 Nbd7 5. Bg5 h6 6. Bh4 dxc4 7. e3 Nb6 8. Ne5
Be7 9. a4 O-O 10. a5 Nbd7 11. Nxc4 Nd5 12. Bxe7 Qxe7 13. Be2 b5 14. axb6 cxb6
15. Nxd5 exd5 16. Nd2 Nf6 17. Qb3 Bf5 18. Ba6 Rab8 19. Qa3 Qe6 20. O-O Ne4 21.
Nxe4 Bxe4 22. Rfc1 b5 23. f3 Bf5 24. Rc5 Rb6 25. Rxb5 Rfb8 26. Rxb6 Rxb6 27.
Bf1 Rc6 28. b4 Rc7 29. Rc1 Bc2 30. Kf2 Qc8 31. Qa5 Qd8 32. g3 Qd7 33. Bd3 Qh3
34. Kg1 Qe6 35. e4 dxe4 36. Bxc2 Qc8 37. Qa4 exf3 38. Kf2 Rc3 39. Bf5 Qxf5 40.
Rxc3 Qh3 1-0

[Event "Elit(Manhem-Sollentuna)"]
[Site "Gothenburg, Sweden"]
[Date "2004.??.??"]
[Round "9"]
[White "Agrest, Evgenij"]
[Black "Nygren, Kim"]
[Result "1-0"]
[WhiteElo "2735"]
[BlackElo "2301"]
[PlyCount "37"]
[EventDate "2004.??.??"]

1. e4 c5 2. Nf3 Nc6 3. d4 cxd4 4. Nxd4 e5 5. Nb3 Nf6 6. Nc3 Bb4 7. Bc4 Bxc3+ 8.
bxc3 d6 9. Qd3 O-O 10. Ba3 Re8 11. Rd1 Bg4 12. f3 d5 13. Bxd5 Nxd5 14. fxg4 Nf6
15. Qf3 Qb6 16. g5 Qa6 17. Bc1 Nd4 18. cxd4 Nxe4 19. d5 1-0

[Event "Elit(Limhamn-Passanten)"]
[Site "Gothenburg, Sweden"]
[Date "2004.??.??"]
[Round "9"]
[White "Sandstrom, Ludvig"]
[Black "Jepson, Christian"]
[Result "0-1"]
[WhiteElo "2405"]
[BlackElo "2487"]
[PlyCount "72"]
[EventDate "2004.??.??"]

1. d4 Nf6 2. Nf3 d5 3. c4 e6 4. Nc3 Be7 5. Bg5 O-O 6. e3 h6 7. Bh4 b6 8. Bd3
Bb7 9. O-O Nbd7 10. Bg3 c5 11. Rc1 Ne4 12. Qe2 Nxg3 13. hxg3 Nf6 14. Rfd1 cxd4
15. exd4 Rc8 16. cxd5 Nxd5 17. Qe4 g6 18. Qe2 Bg5 19. Nxg5 Qxg5 20. Be4 Nxc3
21. bxc3 Bxe4 22. Qxe4 Rc4 23. Qd3 Rfc8 24. Rc2 b5 25. Rdd2 a6 26. Re2 Qf5 27.
Qd2 b4 28. Qxh6 Rxc3 29. Rb2 Qd3 30. Qd2 a5 31. Re5 Rc1+ 32. Kh2 Kg7 33. Kh3 f5
34. Kh4 Rh8+ 35. Kg5 Rh5+ 36. Kf4 g5# 0-1

[Event "Elit(Limhamn-Passanten)"]
[Site "Gothenburg, Sweden"]
[Date "2004.??.??"]
[Round "9"]
[White "Cramling, Dan"]
[Black "Hector, Jonny"]
[Result "0-1"]
[WhiteElo "2402"]
[BlackElo "2631"]
[PlyCount "64"]
[EventDate "2004.??.??"]

1. c4 Nf6 2. Nc3 e5 3. Nf3 Nc6 4. d3 Bb4 5. Bd2 a5 6. g3 Nd4 7. Bg2 Nxf3+ 8.
Bxf3 c6 9. O-O O-O 10. Bg2 Re8 11. e4 d6 12. h3 Bc5 13. Kh2 b5 14. cxb5 cxb5
15. Nxb5 Ba6 16. a4 Qb6 17. f4 Bxb5 18. axb5 Qxb5 19. fxe5 dxe5 20. Bg5 Nd7 21.
b4 Bxb4 22. Qb3 Re6 23. h4 Rf8 24. Bh3 Rd6 25. Be7 Nc5 26. Qa2 Qxd3 27. Rfd1
Qxd1 28. Rxd1 Rxd1 29. Bxc5 Bxc5 30. Qc2 Bg1+ 31. Kg2 Rfd8 32. Qc6 h5 0-1

[Event "Elit(LASK-Rockaden)"]
[Site "Gothenburg, Sweden"]
[Date "2004.??.??"]
[Round "9"]
[White "Hall, Jesper"]
[Black "Barkhagen, Jonas"]
[Result "1-0"]
[WhiteElo "2529"]
[BlackElo "2546"]
[PlyCount "80"]
[EventDate "2004.??.??"]

1. e4 e5 2. Nf3 Nc6 3. Bb5 a6 4. Ba4 Nf6 5. O-O Be7 6. Qe2 b5 7. Bb3 O-O 8. c3
d6 9. Rd1 Na5 10. Bc2 c5 11. d4 Qc7 12. d5 c4 13. Nbd2 Nb7 14. Nf1 Nc5 15. h3
Rb8 16. Bd2 a5 17. b4 cxb3 18. axb3 Bd7 19. Ra2 Rfc8 20. Be1 Bd8 21. g4 h5 22.
N3h2 h4 23. Nf3 Nh7 24. Ne3 g6 25. Ng2 g5 26. Nd2 Nf8 27. Nf1 Ng6 28. Nfe3 Nf4
29. Qf3 Na6 30. b4 a4 31. Bb1 Qb6 32. Nf5 Nc7 33. Nxf4 exf4 34. e5 dxe5 35. d6
Ne8 36. Qe4 Bxf5 37. Qxf5 Nxd6 38. Qh7+ Kf8 39. Qh8+ Ke7 40. Qxe5+ Kd7 1-0

[Event "Elit(Kamraterna-SodraSASS)"]
[Site "?"]
[Date "2004.??.??"]
[Round "9"]
[White "Aberg, Anton"]
[Black "Kulaots, Kaido"]
[Result "0-1"]
[WhiteElo "2461"]
[BlackElo "2598"]
[PlyCount "116"]

1. e4 c5 2. Nf3 d6 3. d4 cxd4 4. Nxd4 Nf6 5. Nc3 a6 6. Be3 Ng4 7. Bg5 h6 8. Bh4
g5 9. Bg3 Bg7 10. Be2 h5 11. Bxg4 hxg4 12. O-O Nc6 13. Nf5 Bxc3 14. bxc3 Qa5
15. Qxg4 f6 16. f4 Bxf5 17. exf5 gxf4 18. Qxf4 Qxc3 19. Rab1 O-O-O 20. Rf3 Qd4+
21. Bf2 Qxf4 22. Rxf4 Kb8 23. c3 Rc8 24. Bb6 Rhg8 25. g3 Ne5 26. Bd4 Kc7 27.
Kg2 b5 28. a4 bxa4 29. Bxe5 fxe5 30. Rxa4 Rb8 31. Rxb8 Rxb8 32. Rxa6 Rb2+ 33.
Kf3 Kb7 34. Ra1 Rxh2 35. g4 Rh3+ 36. Kf2 Rxc3 37. g5 Rc4 38. Ke2 Re4+ 39. Kd3
Rf4 40. Rg1 Rxf5 41. g6 Rf8 42. Ke4 e6 43. g7 Rg8 44. Rg6 Kc6 45. Kf3 Kd7 46.
Kg4 d5 47. Kg5 Ke7 48. Kh6 e4 49. Kh7 Kf7 50. Rg1 Rxg7+ 51. Rxg7+ Kf6 52. Rg6+
Kf5 53. Kg7 e3 54. Rf6+ Ke5 55. Kf7 d4 56. Rxe6+ Kf4 57. Rd6 Ke4 58. Re6+ Kf3
0-1